| 000 | 01677nam a2200385 c 4500 | ||
|---|---|---|---|
| 001 | 59434 | ||
| 003 | CO-BoRNBP | ||
| 005 | 20251009224059.0 | ||
| 007 | ta | ||
| 008 | 250131s2024 ck a|||ar||| 000 01sspa d | ||
| 020 | _a9786289541373 | ||
| 040 |
_aCO-BoRNBP _bspa _erda _cCO-BoRNBP |
||
| 041 | 1 |
_aspa _hdut |
|
| 043 | _ae-ne--- | ||
| 084 | _aA | ||
| 100 |
_aRiphagen, Loes _d1983- _eaut _965569 |
||
| 245 | 1 | 1 |
_a¡Coco puede! / _cLoes Riphagen ; traductor Diego Plus. |
| 250 | _aEdición especial | ||
| 264 | 1 |
_aBogotá, Colombia : _bEl Salmón, _c2024 |
|
| 300 |
_a40 páginas sin numerar : _bilustraciones a color |
||
| 336 |
_atexto _btxt _2rdacontenido |
||
| 337 |
_asin mediación _bn _2rdamedio |
||
| 338 |
_avolumen _bnc _2rdasoporte |
||
| 490 | 0 | _aColección Alevín | |
| 520 | _aEsta es la historia del pájaro Coco, quien se enfrenta ante el gran reto de su vida: aprender a volar. Se enfrentará con muchos obstáculos, pero, ¿crees que finalmente lo logrará? Es una historia que demuestra los grandiosos resultados que tiene la persistencia y la motivación. Además, este pajarito estará acompañado de su madre, quien será la que se encargue de animarlo | ||
| 521 | _aRecomendado para un público infantil mayor de 3 años | ||
| 650 | 0 | 4 |
_aÁlbumes infantiles holandeses _ySiglo XX _2LEMB _965570 |
| 650 | 0 | 4 |
_aLiteratura infantil holandesa _ySiglo XX _2LEMB |
| 650 | 0 | 7 |
_aMiedo en la literatura _2lemb _92179 |
| 650 | 0 | 7 |
_aMutilación en la literatura _2lemb _965571 |
| 650 | 0 | 7 |
_aValentía en la literatura _2lemb _92444 |
| 700 |
_aPlus, Diego _etrl _965572 |
||
| 830 | _aPlan Nacional de lectura y escritura leer es mi cuento | ||
| 942 |
_2loc _cBKLITI |
||
| 999 |
_c59434 _d59434 |
||